000 00286nam a2200109Ia 4500
008 230320s9999||||xx |||||||||||||| ||spa||
082 _a382.6/P45
100 _aPeralta, Luis
245 0 _a"Las Pymes Y Las Alianzas Estratégicas Para La Exportación"
260 _bUSMP
942 _80
_cLIB
999 _c40997
_d40997